[Event "VII Miedzynarodowy Festiwal Szachowy - O"]
[Site "Ostroda"]
[Date "2010.08.06"]
[Round "7.19"]
[White "Wodzynski, Mieszko"]
[Black "Zwara, Szymon"]
[Result "0-1"]
[WhiteElo "1796"]
[BlackElo "1615"]
[PlyCount "54"]
[EventDate "2010.??.??"]

1. e4 c5 2. Nf3 d6 3. d4 cxd4 4. Nxd4 Nf6 5. Nc3 a6 6. Be2 e6 7. f4 Be7 8. O-O
O-O 9. Be3 Bd7 10. Qd2 Nc6 11. Rad1 Qc7 12. g4 Nxd4 13. Qxd4 e5 14. Qd2 Bxg4
15. Bxg4 Nxg4 16. Nd5 Qd8 17. Bb6 Qd7 18. Nxe7+ Qxe7 19. Qxd6 Qh4 20. Rd2 Rac8
21. fxe5 Rc6 22. Qb4 Rg6 23. Kh1 Qh3 24. Rg1 Qf3+ 25. Rgg2 Nf2+ 26. Rdxf2 Qd1+
27. Rf1 Qxf1+ 0-1

[Event "VII Miedzynarodowy Festiwal Szachowy - O"]
[Site "Ostroda"]
[Date "2010.08.06"]
[Round "7.20"]
[White "Olchowko, Blazej"]
[Black "Janik, Igor"]
[Result "0-1"]
[WhiteElo "1754"]
[BlackElo "1586"]
[PlyCount "110"]
[EventDate "2010.??.??"]

1. c4 e5 2. Nc3 g6 3. e4 Bg7 4. d3 Ne7 5. g3 O-O 6. Bg2 d6 7. Nge2 Nbc6 8. O-O
Be6 9. b3 f5 10. h3 Qd7 11. Kh2 h6 12. f4 fxe4 13. dxe4 exf4 14. gxf4 g5 15. f5
Be5+ 16. Kg1 Bf7 17. Be3 Bh5 18. Rc1 a6 19. Qd2 Bxe2 20. Nxe2 Rf7 21. Rf2 Raf8
22. Rcf1 Kh8 23. Nd4 Nxd4 24. Bxd4 Nc6 25. Bxe5+ dxe5 26. Qd5 Kg7 27. Rd1 Qxd5
28. cxd5 Nd4 29. Rc1 c6 30. dxc6 Nxc6 31. Rc5 Rd7 32. Bf1 Rd6 33. Bc4 b6 34.
Rd5 Rxd5 35. Bxd5 Nd4 36. Kg2 Kf6 37. Kg3 h5 38. b4 Rc8 39. Bb7 Rc3+ 40. Kg2 a5
41. bxa5 bxa5 42. Bd5 a4 43. Rb2 Rc2+ 44. Rxc2 Nxc2 45. Kf2 Nd4 46. Bb7 Nb5 47.
Bd5 Nc3 48. Bc6 a3 49. Bd5 Nxd5 50. exd5 Kxf5 51. Ke3 g4 52. hxg4+ hxg4 53. Kf2
e4 54. Kg3 e3 55. Kg2 Ke5 0-1

[Event "VII Miedzynarodowy Festiwal Szachowy - O"]
[Site "Ostroda"]
[Date "2010.08.06"]
[Round "7.21"]
[White "Tarczykowska, Monika"]
[Black "Olchowko, Marika"]
[Result "1-0"]
[WhiteElo "1656"]
[BlackElo "1667"]
[PlyCount "20"]
[EventDate "2010.??.??"]

1. g3 g6 2. c4 e6 3. Bg2 d5 4. cxd5 exd5 5. d4 Bg7 6. Nc3 c6 7. Bf4 Qb6 8. Rc1
Bxd4 9. Nxd5 Qa5+ 10. b4 Bxf2+ 1-0

[Event "VII Miedzynarodowy Festiwal Szachowy - O"]
[Site "Ostroda"]
[Date "2010.08.06"]
[Round "7.22"]
[White "Ostrega, Przemyslaw"]
[Black "Moszczenski, Milosz"]
[Result "1-0"]
[WhiteElo "1600"]
[BlackElo "1529"]
[PlyCount "83"]
[EventDate "2010.??.??"]

1. d4 g6 2. c4 Bg7 3. Nc3 d6 4. e4 Nf6 5. Nf3 O-O 6. Be2 e5 7. O-O Nc6 8. d5
Ne7 9. Ne1 Ne8 10. Be3 c5 11. a3 a5 12. Nd3 f5 13. f3 Bd7 14. b4 axb4 15. axb4
b6 16. Qb3 f4 17. Bf2 Nf6 18. bxc5 bxc5 19. Rxa8 Qxa8 20. Qb6 Nc8 21. Qb2 Ne7
22. Ra1 Qb8 23. Ra6 Qxb2 24. Nxb2 Nc8 25. Nb5 Ne8 26. Bd1 g5 27. Ba4 Rf7 28.
Kf1 h5 29. Ke2 Bf6 30. Nd3 g4 31. Bxc5 gxf3+ 32. gxf3 dxc5 33. Nxc5 Bh3 34. Nd3
Rg7 35. Ne1 Bh4 36. c5 Rg1 37. Nd3 Bf1+ 38. Kd2 Rg2+ 39. Kc3 Ra2 40. Ra8 Bh3
41. d6 Bd7 42. Bb3+ 1-0

[Event "VII Miedzynarodowy Festiwal Szachowy - O"]
[Site "Ostroda"]
[Date "2010.08.06"]
[Round "7.25"]
[White "Wodzynska, Zofia"]
[Black "Murawski, Jacek"]
[Result "1-0"]
[WhiteElo "1567"]
[BlackElo "1600"]
[PlyCount "39"]
[EventDate "2010.??.??"]

1. e4 e6 2. d4 d5 3. e5 c5 4. c3 Nc6 5. Nf3 Qb6 6. a3 Nh6 7. Bd3 Bd7 8. Bc2
O-O-O 9. b4 cxd4 10. cxd4 f5 11. Nc3 Nf7 12. Na4 Qc7 13. Bb3 Rg8 14. Ng5 Nfxe5
15. dxe5 Qxe5+ 16. Be3 b5 17. Nf7 Qf6 18. Nxd8 Kxd8 19. Nc5 Bxc5 20. Bxc5 1-0

[Event "VII Miedzynarodowy Festiwal Szachowy - O"]
[Site "Ostroda"]
[Date "2010.08.06"]
[Round "7.27"]
[White "Wiechowski, Lukasz"]
[Black "Niewiarowski, Mieszko"]
[Result "1-0"]
[WhiteElo "1832"]
[BlackElo "1546"]
[PlyCount "41"]
[EventDate "2010.??.??"]

1. Nf3 Nf6 2. c4 e6 3. Nc3 d5 4. d4 b6 5. cxd5 Nxd5 6. Bg5 Be7 7. e3 c6 8. Bd3
Bb7 9. O-O Nd7 10. Rc1 O-O 11. Bb1 h6 12. Bf4 Re8 13. Qc2 Nf8 14. Bg3 Bd6 15.
Bxd6 Qxd6 16. Ne5 Nd7 17. f4 Nxe5 18. fxe5 Qe7 19. Rf3 Rac8 20. Rcf1 Rc7 21.
Qf2 1-0

[Event "VII Miedzynarodowy Festiwal Szachowy - O"]
[Site "Ostroda"]
[Date "2010.08.06"]
[Round "7.29"]
[White "Grenda, Wojciech"]
[Black "Dejna, Miroslaw"]
[Result "1-0"]
[WhiteElo "1545"]
[BlackElo "1273"]
[PlyCount "31"]
[EventDate "2010.??.??"]

1. e4 e5 2. Nf3 Nc6 3. Bc4 Nf6 4. d3 d6 5. c3 g6 6. O-O Bg7 7. Nbd2 O-O 8. Re1
Qe7 9. Nf1 Be6 10. Bb5 Qd7 11. d4 Bg4 12. d5 Bh3 13. dxc6 Qg4 14. Ng3 Bxg2 15.
Kxg2 b6 16. Ng1 1-0

[Event "VII Miedzynarodowy Festiwal Szachowy - O"]
[Site "Ostroda"]
[Date "2010.08.07"]
[Round "8.1"]
[White "Mista, Aleksander"]
[Black "Budrewicz, Krzysztof"]
[Result "1-0"]
[WhiteElo "2562"]
[BlackElo "2269"]
[PlyCount "77"]
[EventDate "2010.??.??"]

1. e4 d6 2. d4 Nf6 3. Nc3 Nc6 4. h3 e5 5. Nf3 Be7 6. Be3 O-O 7. Qd2 a6 8. d5
Nb8 9. g4 Nbd7 10. O-O-O b5 11. g5 Nh5 12. Be2 Nb6 13. Rdg1 g6 14. h4 Bd7 15.
Nh2 Nc4 16. Bxc4 bxc4 17. Nf1 f5 18. exf5 Bxf5 19. Qe2 c5 20. Nd2 Bd7 21. Nxc4
Bb5 22. a4 Bxc4 23. Qxc4 Qc8 24. Ne4 Rb8 25. Bd2 Qb7 26. b3 Rf7 27. Rg4 Rbf8
28. Be3 Qc8 29. Rgg1 Qb7 30. Nc3 Nf4 31. Rd1 Ra8 32. h5 Qb4 33. hxg6 hxg6 34.
Qxb4 cxb4 35. Ne4 Rc8 36. Rh6 Rh7 37. Rxh7 Kxh7 38. Bxf4 exf4 39. Rd4 1-0

[Event "VII Miedzynarodowy Festiwal Szachowy - O"]
[Site "Ostroda"]
[Date "2010.08.07"]
[Round "8.2"]
[White "Wodzynski, Michal"]
[Black "Kuzmicz, Krystian"]
[Result "1/2-1/2"]
[WhiteElo "1971"]
[BlackElo "2417"]
[PlyCount "64"]
[EventDate "2010.??.??"]

1. e4 g6 2. d4 Bg7 3. Nc3 c6 4. Be3 d5 5. Qd2 dxe4 6. Nxe4 Nd7 7. Bc4 Ngf6 8.
Ng3 Nb6 9. Bb3 Nbd5 10. Nf3 Bg4 11. Ne5 Be6 12. O-O-O a5 13. c4 Nxe3 14. Qxe3
a4 15. Bc2 Ng4 16. Nxg4 Bxg4 17. f3 Be6 18. Qd3 Qb6 19. Rhe1 Qb4 20. Ne4 O-O
21. a3 Qxc4 22. Qxc4 Bxc4 23. Nc5 b5 24. Rxe7 Rfd8 25. Be4 Bxd4 26. Nd7 Be3+
27. Kb1 Bb3 28. Rd3 Bg5 29. Re5 f5 30. Bxc6 Rac8 31. Bd5+ Kg7 32. Bxb3 axb3
1/2-1/2

[Event "VII Miedzynarodowy Festiwal Szachowy - O"]
[Site "Ostroda"]
[Date "2010.08.07"]
[Round "8.3"]
[White "Nasuta, Grzegorz"]
[Black "Goslawski, Michal"]
[Result "1-0"]
[WhiteElo "2102"]
[BlackElo "2018"]
[PlyCount "119"]
[EventDate "2010.??.??"]

1. e4 e6 2. d4 d5 3. Nc3 Bb4 4. e5 Ne7 5. Qg4 Kf8 6. a3 Bxc3+ 7. bxc3 c5 8. Nf3
Qa5 9. Bd2 Qa4 10. Ra2 b6 11. Bd3 Ba6 12. Ng5 Bxd3 13. cxd3 h6 14. Qh5 g6 15.
Qh4 Nd7 16. Nf3 Nf5 17. Qf4 cxd4 18. Nxd4 Nxd4 19. Qxd4 Qxd4 20. cxd4 Rc8 21.
Bb4+ Ke8 22. Kd2 Nb8 23. Bd6 Kd7 24. h4 Nc6 25. Ke3 h5 26. f3 Ne7 27. g4 Rc3
28. Bb4 Rc6 29. a4 Rhc8 30. a5 Rc2 31. Rxc2 Rxc2 32. axb6 axb6 33. Rb1 hxg4 34.
fxg4 Rh2 35. Be1 Rh3+ 36. Ke2 Kc7 37. Bf2 Nc6 38. Rf1 b5 39. Rb1 b4 40. Rb3 Rh1
41. Kf3 Kb6 42. Kg2 Ra1 43. h5 Ra8 44. Kh3 Kb5 45. Rb1 gxh5 46. gxh5 Ra3 47.
Rd1 b3 48. Rb1 Ka4 49. h6 Ne7 50. Be1 Ra2 51. Bc3 Rc2 52. Bb2 Ng6 53. h7 Rxb2
54. Rxb2 Ka3 55. Rf2 b2 56. Rxf7 Nf4+ 57. Kg4 Nxd3 58. Ra7+ Kb3 59. Rb7+ Nb4
60. Rxb4+ 1-0

[Event "VII Miedzynarodowy Festiwal Szachowy - O"]
[Site "Ostroda"]
[Date "2010.08.07"]
[Round "8.4"]
[White "Bodenez, Vincent"]
[Black "Malczyk, Rafal"]
[Result "0-1"]
[WhiteElo "2177"]
[BlackElo "2103"]
[PlyCount "31"]
[EventDate "2010.??.??"]

1. e4 d6 2. d4 Nf6 3. Nc3 Nc6 4. f4 e5 5. Nf3 exd4 6. Nxd4 g6 7. Be2 Bg7 8.
Nxc6 bxc6 9. e5 dxe5 10. Qxd8+ Kxd8 11. fxe5 Nd7 12. Bg5+ Ke8 13. O-O Nxe5 14.
Ne4 f5 15. Nc3 Kf7 16. Rad1 0-1

[Event "VII Miedzynarodowy Festiwal Szachowy - O"]
[Site "Ostroda"]
[Date "2010.08.07"]
[Round "8.5"]
[White "Plichta, Kamil"]
[Black "Renkowski, Piotr"]
[Result "1-0"]
[WhiteElo "2158"]
[BlackElo "1931"]
[PlyCount "37"]
[EventDate "2010.??.??"]

1. d4 Nf6 2. c4 d6 3. Nc3 Nc6 4. Nf3 e5 5. Bg5 Bg4 6. d5 Ne7 7. e4 Ng6 8. Be2
h6 9. Be3 Nf4 10. Bxf4 exf4 11. e5 Nd7 12. e6 fxe6 13. Nd4 Bxe2 14. Qxe2 Nc5
15. dxe6 Qf6 16. O-O-O O-O-O 17. Nd5 f3 18. gxf3 Qe5 19. e7 1-0

[Event "VII Miedzynarodowy Festiwal Szachowy - O"]
[Site "Ostroda"]
[Date "2010.08.07"]
[Round "8.6"]
[White "Dobrowolski, Marcin"]
[Black "Malczyk, Jakub"]
[Result "1/2-1/2"]
[WhiteElo "1964"]
[BlackElo "2065"]
[PlyCount "34"]
[EventDate "2010.??.??"]

1. d4 e6 2. c4 d5 3. Nc3 c6 4. e3 Bd6 5. Nf3 Nf6 6. Qc2 O-O 7. Be2 Nbd7 8. O-O
Qc7 9. e4 dxe4 10. Nxe4 Nxe4 11. Qxe4 Nf6 12. Qd3 e5 13. dxe5 Bxe5 14. Nxe5
Qxe5 15. Qe3 Qc7 16. Qg3 Qxg3 17. hxg3 Bf5 1/2-1/2

[Event "VII Miedzynarodowy Festiwal Szachowy - O"]
[Site "Ostroda"]
[Date "2010.08.07"]
[Round "8.7"]
[White "Reza, Wojciech"]
[Black "Pirou, David"]
[Result "1-0"]
[WhiteElo "1940"]
[BlackElo "1995"]
[PlyCount "33"]
[EventDate "2010.??.??"]

1. e4 d6 2. c4 e5 3. Nf3 Nf6 4. Nc3 Be7 5. d4 Nbd7 6. Be2 O-O 7. O-O Re8 8. Qc2
c6 9. d5 Qc7 10. Be3 Nf8 11. Rfd1 Ng6 12. h3 h6 13. Rd2 Nh5 14. dxc6 bxc6 15.
Rad1 Nhf4 16. Bf1 Be6 17. b4 1-0

[Event "VII Miedzynarodowy Festiwal Szachowy - O"]
[Site "Ostroda"]
[Date "2010.08.07"]
[Round "8.9"]
[White "Ciesielski, Tomasz"]
[Black "Le Masle, Raphael"]
[Result "1-0"]
[WhiteElo "1839"]
[BlackElo "2128"]
[PlyCount "39"]
[EventDate "2010.??.??"]

1. e4 c5 2. d4 cxd4 3. c3 g6 4. cxd4 d5 5. exd5 Nf6 6. Bc4 Bg7 7. Nc3 Nbd7 8.
d6 O-O 9. dxe7 Qxe7+ 10. Nge2 a6 11. O-O b5 12. Bb3 Re8 13. Ng3 Nb6 14. Bf4 Bg4
15. f3 b4 16. fxg4 bxc3 17. bxc3 Nbd5 18. Qf3 Rad8 19. Be5 Qd7 20. c4 1-0

[Event "VII Miedzynarodowy Festiwal Szachowy - O"]
[Site "Ostroda"]
[Date "2010.08.07"]
[Round "8.18"]
[White "Kotlewski, Lukasz"]
[Black "Shemraev, Anton"]
[Result "0-1"]
[WhiteElo "1657"]
[BlackElo "1967"]
[PlyCount "58"]
[EventDate "2010.??.??"]

1. e4 c5 2. Nf3 d6 3. d4 cxd4 4. Nxd4 Nf6 5. Nc3 e6 6. Bb5+ Bd7 7. Bg5 Be7 8.
Bxd7+ Qxd7 9. Ndb5 Nxe4 10. Nxe4 Qxb5 11. Bxe7 Qb4+ 12. Nd2 Kxe7 13. O-O Nd7
14. Rb1 d5 15. a3 Qf4 16. Re1 Rhd8 17. Nf3 Kf8 18. Qd3 Kg8 19. Re3 Rac8 20. b4
Qc4 21. Qxc4 Rxc4 22. Re2 Rdc8 23. Rb2 Rc3 24. Nd4 Rxa3 25. h3 Ra4 26. Nb5 Rc6
27. Re3 a6 28. Nd4 Rc4 29. Ne2 Raxb4 0-1